A Court of Thorns and Roses series Ultimate Character quiz - Statistics

General Stats
  • This quiz has been taken 7,809 times
    5,715 since last reset
  • The average score is 27 of 56
Answer Stats
Hint Answer % Correct
Main character, a huntress Feyre Archeron
99%
The middle sister, loves flowers Elain Archeron
98%
Her oldest sister Nesta Acheron
98%
High Lord of the Spring Court Tamlin
98%
Originally from Autumn Court, now part of Spring Court Lucien Vanserra
96%
High Lord of the Night Court Rhysand
84%
Illyrian who commands the armies of the Night Court Cassian
83%
Shadowsinger Azriel
82%
2nd in command of the Night Court Amren
78%
3rd in command of the Night Court Morrigan
77%
Called herself High Lady of Prythian Amarantha
73%
A mortal whose eye is kept in a ring Jurian
68%
Lives in the prison, likes bones The Bone Carver
68%
Works as a maid, has tree bark-like skin Alis
67%
Has a weakness for freshly slaughtered chickens, will tell you what you need to know if caught Suriel
66%
High Lord of the Summer Court Tarquin
65%
High Lord of the Autumn Court Beron
64%
Oldest remaining son of the Autumn Court Eris
64%
High Lord of the Day Court Helion Spell-Cleaver
64%
One of the 12 High Priestesses of Prythian Ianthe
63%
Lives in a cottage The Weaver
61%
A mortal, tortured to death in the place of the main character Clare Beddor
56%
High Lord of the Winter Court Kallias
54%
Sits on a throne made of human bones King of Hybern
53%
Killed by the main character while free-falling The Attor
49%
Prince of Adriata, part of the Summer Court Varian
48%
High Lord of Dawn Court Thesan
44%
A monster, lives in the Library Bryaxis
42%
Other twin of the above^ Nuala
42%
Steward of Hewn City Keir Darkbringer
40%
A twin, seem to be made of shadow and smoke, work as spies Cerridwen
39%
Aided the Mortals in the War, presumed dead but hid away on an island Prince Drakon
39%
High Fae who was killed in wolf form by the huntress Andras
38%
Faeries made from shadow, hate and rot, covered in scales and look serpentine, travel in packs The naga
36%
One of the Mortal Queens Vassa
35%
Half Fae, former slave given as a wedding gift but allowed to escape Miryam
33%
A creature with a bite that alters a High Fae's ability to heal so it can kill them The Bogge
33%
Eldest son of a well-off farmer Isaac Hale
32%
Was engaged, son of the above^ Graysen
31%
Sentry in Spring Court Bron
30%
Part of the Summer Court, Princess of Adriata Cresseida
29%
Illyrian war-lord Devlon
29%
A woodcutter's son, his father beats his wife Tomas Mandray
29%
Sentry in Spring Court Hart
28%
From Autumn Court, killed for being with^ Jesminda
27%
Priestess who works in the library, had her tongue cut out Clotho
25%
Royal twin from Hybern Prince Dagdan
24%
Royal twin from Hybern Princess Brannagh
24%
Her sister^ Clythia
23%
High Fae healer, lives in Velaris Madja
22%
Had deformed wings, made the flight that was thought to be impossible Nephelle
21%
Long-lost aunt whom the main character was supposedly caring for Aunt Ripleigh
17%
Faerie hating lord Nolan
17%
A creature that appears as someone's desire to lure them away and devour them Puca
14%
Master Tinkerer from Dawn Court Nuan
13%
Mortal house-keeper Mrs Laurent
8%
No matching quizzes found
Score Distribution
Percent of People with Each Score
Percentile by Number Answered
Your Score History
You have not taken this quiz since the last reset